| 000 | 00669nam a2200253Ia 4500 | ||
|---|---|---|---|
| 001 | AUWbook001736 | ||
| 003 | BDCtgAUW | ||
| 005 | 20260406155101.0 | ||
| 008 | 220908s9999 xx 000 0 eng d | ||
| 020 | _a1400030412 | ||
| 040 |
_aBDCtgAUW _cBDCtgAUW |
||
| 050 | _aDS36.7.L35 | ||
| 100 | 1 |
_aLamb, David, _eauthor. |
|
| 245 | 0 |
_aThe arabs : _bjourneys beyond the mirage / |
|
| 250 | _aSecond edition., revised and updatedition. | ||
| 260 |
_aNew York : _bVintage Books, |
||
| 300 | _axvi,348 pages. | ||
| 650 | 0 | _aArab Countries. | |
| 650 | 0 |
_aHistory Arab Countries. _911314 |
|
| 887 |
_a BRAC _22982 |
||
| 888 | _22982 | ||
| 942 |
_cBK _00 _2lcc |
||
| 945 | _cBK | ||
| 999 |
_c17505 _d17505 |
||